Statistiken für Bruce Springsteen - Vervollständige den Songtext

Klicken Sie hier um das Quiz zu spielen!

Allgemein

  • Dieses Quiz wurde 18 mal gespielt
  • Das Durchschnittsergebnis liegt bei 3 aus 14

Antwortstatistiken

HintAntwort% Korrekt
End up like a dog that's been beat too much
Till you spend half your life just to cover it up, now

Born in the U.S.A.
I was born ...
in the USA
94%
I walked the avenue, 'til my legs felt like stone
I heard the voices of friends vanished and gone
At night I could hear the blood in my veins
Just as black and whispering as the rain
On the streets of ...
Philadelphia
56%
You can't start a fire
You can't start a fire without a spark
This gun's for hire
Even if we're just ...
dancin in the dark
31%
In the day we sweat it out on the streets
Of a runaway ...
American dream
25%
I got a job working construction
For the Johnstown Company
But lately there ain't been much work
On account of ...
the economy
25%
Well It's Saturday night
You're all dressed up in ...
blue
19%
The road is dark
And it's a thin thin line
But I want you to know I'll walk it for you any time
Maybe your other ...
boyfriends
19%
We sit in the car outside your house
I can feel the heat coming around
I go to put my arm around you and you
You give me a look like I'm way out of bounds
Well, you let out one of your bored sighs
But lately when I look ...
into your eyes
13%
Sometimes it's like someone took a knife, baby
Edgy and dull and cut a six inch valley
Through the middle of ...
my skull
13%
Everybody needs a place to rest
Everybody wants to have a home
Don't make no difference what nobody says
Ain't nobody like to be alone ...
Everybody's got a hungry heart
6%
I was bruised and battered
I couldn't tell what I felt
I was unrecognizable to myself
Saw my reflection ...
in a window
6%
Soon as that boat cleared the bar
Pay me ...
my money down
6%
Seems like there ain't nobody
Wants to come down here no more
They're closing down the textile mill
Across the railroad tracks
Foreman says, "these jobs are going, boys
And they ain't coming back...
to your hometown
6%
half a party in a one dog town
I need you to chase the blues away
Without you I'm a ...
drummer girl
0%

Verteilung der Resultate

Perzentil nach korrekt beantworteten Fragen

Anzahl Personen mit jedem Resultat

Ihre Resultats-Entwicklung

Sie haben dieses Quiz noch nicht gespielt